000 00334nam a2200145Ia 4500
100 _aBoudreau/Tim
942 _cBK
366 _f17.5
654 _aclient
245 _aRich client programming plugging in the Net beans platform
260 _bPearson Education
_c2007
082 _a5.133
_bBOU
300 _a604
546 _aENGLISH
999 _c31269
_d31269